[Event "Russian Championship B15 2016"]
[Site "Loo"]
[Date "2016.04.25"]
[Round "6.13"]
[White "Bedenko, Nikita"]
[Black "Salemgareev, Tagir"]
[Result "0-1"]
[WhiteElo "1917"]
[BlackElo "2262"]
[PlyCount "141"]
[EventDate "2016.04.20"]

1. e4 c5 2. Nf3 d6 3. Bb5+ Nd7 4. O-O Ngf6 5. Qe2 a6 6. Bxd7+ Nxd7 7. c3 g6 8.
d4 Bg7 9. Rd1 O-O 10. a4 b6 11. d5 Qc7 12. c4 Nf6 13. Nc3 Bb7 14. h3 Rae8 15.
Bf4 Nd7 16. Qd2 Bc8 17. Bh6 Bxh6 18. Qxh6 f6 19. Rd3 Rf7 20. b3 Rg7 21. Ne2 Nf8
22. Nh4 Bd7 23. Nf4 Rb8 24. Rg3 Qc8 25. Nh5 Rf7 26. Nf4 Qe8 27. Nfxg6 Nxg6 28.
Nxg6 Rg7 29. Nf4 Rxg3 30. fxg3 Qf7 31. g4 Qg7 32. Qxg7+ Kxg7 33. Kf2 Kf7 34.
Nd3 b5 35. cxb5 axb5 36. a5 b4 37. Nb2 Bb5 38. Ke3 Ke8 39. Kd2 Kd7 40. Nc4 Kc7
41. Kd3 Kb7 42. Rf1 Ka6 43. g5 Rf8 44. Rf5 Bxc4+ 45. Kxc4 Kxa5 46. g4 Kb6 47.
Rf3 Kc7 48. Rf1 Kd7 49. Kb5 Ke8 50. gxf6 Rxf6 51. Ra1 Rf3 52. h4 Rxb3 53. Ra8+
Kf7 54. Rh8 Rg3 55. Rxh7+ Ke8 56. g5 Kd7 57. Rh8 b3 58. Kc4 Kc7 59. Rf8 b2 60.
Rf1 Rg4 61. Kd3 Rxh4 62. Rb1 Rh3+ 63. Kd2 Rh2+ 64. Kc3 Kd7 65. g6 Rg2 66. g7
Rxg7 67. Rxb2 Rg3+ 68. Kc4 Re3 69. Rb7+ Ke8 70. Rb8+ Kf7 71. Kb5 0-1

[Event "Russian Championship B15 2016"]
[Site "Loo"]
[Date "2016.04.25"]
[Round "6.14"]
[White "Gasanov, Zaur"]
[Black "Tyapkin, Petr"]
[Result "1-0"]
[WhiteElo "2148"]
[BlackElo "1962"]
[PlyCount "125"]
[EventDate "2016.04.20"]

1. d4 Nf6 2. g3 g6 3. Bg2 Bg7 4. e4 d6 5. Nc3 O-O 6. h3 c6 7. a4 a5 8. Nge2 Na6
9. O-O Nb4 10. Be3 e5 11. Re1 Be6 12. Qd2 Bc4 13. Rad1 Qe7 14. Nc1 Rfd8 15. b3
Be6 16. N3a2 Nxa2 17. Nxa2 d5 18. exd5 Nxd5 19. Bh6 exd4 20. Bxg7 Kxg7 21.
Qxd4+ Qf6 22. Qxf6+ Kxf6 23. c4 Nc7 24. Nc3 Bf5 25. g4 Bc2 26. Rc1 Bd3 27. Red1
Ne6 28. Nd5+ cxd5 29. Rxd3 dxc4 30. Rf3+ Ke7 31. Rxc4 Rac8 32. Re4 Rd2 33. Kh2
Rb2 34. h4 h6 35. Kg3 Rcc2 36. Bh3 Rc1 37. Bg2 Rc5 38. Bf1 f5 39. gxf5 gxf5 40.
Re1 Kf6 41. Bc4 Ng7 42. Rd3 Rc6 43. Rd7 Ne6 44. Rxe6+ Rxe6 45. Bxe6 Kxe6 46.
Rxb7 Ke5 47. Rb5+ Kd4 48. f3 Ke3 49. Rxf5 Rxb3 50. Rxa5 Ke2 51. Re5+ Kf1 52. a5
Ra3 53. Kg4 Kf2 54. f4 Ra4 55. h5 Kg2 56. Re2+ Kf1 57. Re6 Rxa5 58. Rxh6 Kf2
59. Re6 Ra3 60. h6 Ra7 61. Kg5 Kf3 62. f5 Rd7 63. f6 1-0

[Event "Russian Championship B15 2016"]
[Site "Loo"]
[Date "2016.04.25"]
[Round "6.15"]
[White "Sokolov, Nikita Dm"]
[Black "Ivanov, Daniil"]
[Result "0-1"]
[WhiteElo "2126"]
[BlackElo "1975"]
[PlyCount "92"]
[EventDate "2016.04.20"]

1. d4 Nf6 2. c4 c5 3. d5 d6 4. Nc3 g6 5. e4 Bg7 6. Be2 O-O 7. Nf3 Bg4 8. O-O
Na6 9. Ne1 Bxe2 10. Qxe2 Nc7 11. Nd3 Nd7 12. f4 e6 13. Be3 exd5 14. exd5 Re8
15. Kh1 Nb6 16. Nf2 Bd4 17. Nfd1 Bxe3 18. Nxe3 Nxc4 19. Qxc4 Rxe3 20. f5 Re5
21. Rae1 Rxe1 22. Rxe1 Qg5 23. fxg6 fxg6 24. Rf1 Rf8 25. Rxf8+ Kxf8 26. h3 a6
27. a4 b5 28. axb5 axb5 29. Nxb5 Nxb5 30. Qxb5 Qxd5 31. Qd7 h5 32. Qh7 Qf5 33.
Qc7 Qe6 34. b3 Qe7 35. Qc6 Qe6 36. Qc7 Qe7 37. Qc6 Kg7 38. Qd5 Qe1+ 39. Kh2
Qe5+ 40. Qxe5+ dxe5 41. Kg3 Kf6 42. Kf3 Ke6 43. Ke4 Kd6 44. g3 Ke6 45. g4 hxg4
46. hxg4 Kd6 0-1

[Event "Russian Championship B15 2016"]
[Site "Loo"]
[Date "2016.04.25"]
[Round "6.16"]
[White "Shirshov, Nikolay"]
[Black "Remizov, Yaroslav"]
[Result "0-1"]
[WhiteElo "2002"]
[BlackElo "2124"]
[PlyCount "96"]
[EventDate "2016.04.20"]

1. Nf3 d5 2. g3 Bg4 3. Bg2 Nd7 4. c4 e6 5. cxd5 exd5 6. O-O Ngf6 7. Nc3 Bd6 8.
d3 O-O 9. Qc2 c6 10. e4 dxe4 11. dxe4 Re8 12. h3 Bh5 13. Nd4 Nc5 14. Nf5 Be5
15. g4 Bg6 16. Rd1 Qc7 17. Be3 Ne6 18. Rac1 Nf4 19. Bd4 h5 20. g5 Nxe4 21. Bxe4
Nxh3+ 22. Kg2 Nxg5 23. f3 Nxe4 24. fxe4 Bxd4 25. Nxd4 Qf4 26. Re1 Rad8 27. Rcd1
h4 28. Qf2 h3+ 29. Kf1 Qg4 30. Nf5 Rxd1 31. Nxd1 Bxf5 32. Ne3 h2 33. Qxh2 Qf3+
34. Qf2 Qh1+ 35. Ke2 Qxe4 36. Qg1 Qc2+ 37. Kf3 Be4+ 38. Kf4 Qxb2 39. Ng4 Qd2+
40. Re3 Bg6 41. Kf3 Rxe3+ 42. Nxe3 Bh5+ 43. Kf4 Qd4+ 44. Kg5 Be2 45. Kf5 Bd3+
46. Kg5 f6+ 47. Kh5 g6+ 48. Kh6 Qh4# 0-1

[Event "Russian Championship B15 2016"]
[Site "Loo"]
[Date "2016.04.25"]
[Round "6.17"]
[White "Danilchenko, Dmitrij"]
[Black "Shemyakin, Valeriy"]
[Result "0-1"]
[WhiteElo "1815"]
[BlackElo "2077"]
[PlyCount "58"]
[EventDate "2016.04.20"]

1. d4 Nc6 2. d5 Ne5 3. e4 e6 4. f4 Ng6 5. c4 Bb4+ 6. Nc3 Nf6 7. Bd3 exd5 8.
cxd5 Qe7 9. f5 Ne5 10. Bc2 Bxc3+ 11. bxc3 Nxe4 12. Qd4 Nd6 13. Ne2 b6 14. O-O
Ba6 15. Bf4 f6 16. Rfe1 Bxe2 17. Kh1 Ndf7 18. Rxe2 Qc5 19. Qd2 O-O 20. Bb3 a5
21. a4 Rfe8 22. Rd1 Kf8 23. Rde1 Ng4 24. h3 Rxe2 25. Rxe2 Nge5 26. Re1 Re8 27.
Be3 Qa3 28. Qd1 Nd3 29. Re2 Rxe3 0-1

[Event "Russian Championship B15 2016"]
[Site "Loo"]
[Date "2016.04.25"]
[Round "6.18"]
[White "Shidlovskiy, Artemiy"]
[Black "Pesotskiy, Mikhail"]
[Result "1-0"]
[WhiteElo "1879"]
[BlackElo "2152"]
[PlyCount "181"]
[EventDate "2016.04.20"]

1. d4 Nf6 2. Nf3 e6 3. c4 Bb4+ 4. Bd2 Bxd2+ 5. Qxd2 b6 6. Nc3 Bb7 7. e3 O-O 8.
Bd3 d6 9. e4 Nbd7 10. O-O e5 11. Bc2 a5 12. Rfe1 Re8 13. Rad1 g6 14. Nd5 exd4
15. Nxd4 Nc5 16. f3 Ne6 17. Ba4 Rf8 18. Bc6 Nxd4 19. Bxb7 Nxd5 20. Qxd4 Nb4 21.
Bxa8 Qxa8 22. Rd2 Nxa2 23. e5 dxe5 24. Qxe5 Qc6 25. Qd5 Qf6 26. Qd7 Qh4 27. Re4
Qg5 28. Rd1 Qc5+ 29. Qd4 Qc6 30. Re5 Nb4 31. b3 Qf6 32. Rb5 Qe6 33. Qe5 Qc6 34.
Qe7 Na6 35. Rbd5 h5 36. Kf1 Qe8 37. Qf6 Qe6 38. Qb2 Nc5 39. Rd8 Qe7 40. Rxf8+
Qxf8 41. Qf6 Ne6 42. Rd7 Qg7 43. Qxg7+ Kxg7 44. Ke2 Kf8 45. g4 Ke8 46. Rd1 h4
47. Ke3 Ke7 48. f4 Nc5 49. Rb1 Ke6 50. b4 axb4 51. Rxb4 Nb7 52. Rb1 Nd6 53. Kd4
f6 54. Re1+ Kf7 55. Kd5 Nb7 56. Kc6 Na5+ 57. Kxc7 Nxc4 58. Kc6 f5 59. Kd5 Nd2
60. gxf5 gxf5 61. Re2 Nf3 62. Rf2 Ne1 63. Rf1 Nd3 64. Kd4 Nb4 65. Ke5 Nc2 66.
Rf3 Kg6 67. Rd3 b5 68. h3 b4 69. Rd6+ Kf7 70. Kxf5 b3 71. Rd7+ Ke8 72. Rb7 Ne3+
73. Ke6 Kf8 74. Rxb3 Nc2 75. Kf6 Ke8 76. Kg5 Nd4 77. Rb6 Nf3+ 78. Kg4 Nd4 79.
Kxh4 Kf7 80. Kg4 Nc2 81. f5 Ne3+ 82. Kg5 Nd5 83. Rb7+ Kf8 84. f6 Kg8 85. Rd7
Nb6 86. Ra7 Nd5 87. Kf5 Kf8 88. h4 Ne7+ 89. Rxe7 Kg8 90. Kg6 Kh8 91. Re8# 1-0

[Event "Russian Championship B15 2016"]
[Site "Loo"]
[Date "2016.04.25"]
[Round "6.19"]
[White "Peisakhov, Imanuil"]
[Black "Moiseev, Danila"]
[Result "1-0"]
[WhiteElo "1866"]
[BlackElo "2135"]
[PlyCount "65"]
[EventDate "2016.04.20"]

1. Nf3 c5 2. g3 b6 3. Bg2 Bb7 4. O-O Nf6 5. c3 d6 6. d4 Nbd7 7. Re1 g6 8. Nbd2
Bg7 9. e4 O-O 10. e5 Ng4 11. e6 fxe6 12. h3 Nh6 13. Ng5 Qc8 14. Nxe6 Rf7 15. d5
Bf6 16. g4 Bh4 17. Ne4 g5 18. Bxg5 Bxg5 19. N4xg5 Rf6 20. Qd3 Rg6 21. Be4 Ne5
22. Qg3 Rf6 23. Bxh7+ Kh8 24. Be4 Qg8 25. Bg2 Bc8 26. Qh4 Bxe6 27. dxe6 Raf8
28. f4 Nd3 29. Nf7+ Kg7 30. g5 R8xf7 31. exf7 Kxf7 32. gxf6 Nxe1 33. Rxe1 1-0

[Event "Russian Championship B15 2016"]
[Site "Loo"]
[Date "2016.04.25"]
[Round "6.20"]
[White "Shoboev, Dandar"]
[Black "Osipov, Daniil"]
[Result "1/2-1/2"]
[WhiteElo "1846"]
[BlackElo "2068"]
[PlyCount "142"]
[EventDate "2016.04.20"]

1. d4 Nf6 2. c4 c5 3. d5 b5 4. cxb5 a6 5. Nc3 g6 6. e4 d6 7. Nf3 Bg7 8. Qc2 O-O
9. Bd3 axb5 10. Nxb5 Na6 11. Bd2 Bg4 12. Nh4 Qb6 13. h3 Bd7 14. a4 Rfc8 15. O-O
Ne8 16. Rab1 Nec7 17. Nxc7 Rxc7 18. b3 Nb4 19. Bxb4 cxb4 20. Qe2 Rac8 21. Nf3
Rc3 22. Rfd1 e6 23. Bc4 exd5 24. Bxd5 Bc6 25. Ng5 Bxd5 26. Rxd5 Be5 27. Nf3 Bf4
28. Ne1 Rc1 29. Rxc1 Rxc1 30. Rd1 Qc6 31. g3 Be5 32. Rxc1 Qxc1 33. Kg2 Qc3 34.
a5 Qxb3 35. a6 Qa4 36. Nf3 b3 37. Nxe5 dxe5 38. Kf3 h5 39. Qd1 Qa3 40. Qd3 Qa2
41. Qc4 Qa3 42. Qd3 Kg7 43. Qc3 Qxa6 44. Qxb3 Qa1 45. Kg2 Qd4 46. Qf3 f6 47. h4
Qd7 48. Qb3 f5 49. exf5 gxf5 50. Qe3 Qe7 51. Qf3 Kg6 52. Qd5 Kf6 53. Qg8 Qb7+
54. Kh2 Qf7 55. Qg5+ Ke6 56. Qe3 f4 57. Qb3+ Kf6 58. Qb6+ Kf5 59. Qb1+ Ke6 60.
Qb3+ Kf6 61. Qb6+ Kf5 62. gxf4 exf4 63. Qc5+ Ke4 64. Qc6+ Kd3 65. Qf3+ Kd2 66.
Kh3 Qf5+ 67. Kg2 Qf7 68. Kh3 Qe6+ 69. Kg2 Qf5 70. Kg1 Qg6+ 71. Kh2 Qf5 1/2-1/2

[Event "Russian Championship B15 2016"]
[Site "Loo"]
[Date "2016.04.25"]
[Round "6.21"]
[White "Levdansky, Alexey"]
[Black "Brin, Ilya"]
[Result "1-0"]
[WhiteElo "1962"]
[BlackElo "1862"]
[PlyCount "75"]
[EventDate "2016.04.20"]

1. d4 c5 2. c4 cxd4 3. Qxd4 Nc6 4. Qd1 Nf6 5. Nc3 g6 6. g3 Bg7 7. Bg2 O-O 8.
Nf3 d6 9. O-O Bd7 10. e4 Rc8 11. Rb1 Ng4 12. Nd5 Nge5 13. Nxe5 Nxe5 14. b3 b5
15. f4 Ng4 16. h3 Nf6 17. Qe2 Nxd5 18. cxd5 Qb6+ 19. Be3 Bd4 20. Bxd4 Qxd4+ 21.
Kh2 Rc3 22. Rbc1 Rfc8 23. Rfd1 Qc5 24. Rxc3 Qxc3 25. g4 a5 26. e5 dxe5 27. fxe5
a4 28. bxa4 bxa4 29. e6 fxe6 30. dxe6 Qc7+ 31. Kh1 Bc6 32. Bxc6 Qxc6+ 33. Kg1
Qc2 34. Rd8+ Kg7 35. Qe5+ Kh6 36. Qf4+ g5 37. Qf8+ Kg6 38. Qf7+ 1-0

[Event "Russian Championship B15 2016"]
[Site "Loo"]
[Date "2016.04.25"]
[Round "6.22"]
[White "Zakharov, Nikita"]
[Black "Timoshkin, Aleksandr"]
[Result "0-1"]
[WhiteElo "1940"]
[BlackElo "1758"]
[PlyCount "66"]
[EventDate "2016.04.20"]

1. Nf3 Nf6 2. g3 g6 3. b3 b6 4. Bg2 Bb7 5. O-O Bg7 6. Bb2 O-O 7. c4 c5 8. d4 d6
9. Nc3 cxd4 10. Nxd4 Bxg2 11. Kxg2 Qd7 12. Qc2 Nc6 13. Rad1 Rac8 14. e4 Nxd4
15. Rxd4 b5 16. cxb5 Qxb5 17. Qd2 Qb7 18. Kg1 Rxc3 19. Qxc3 Nh5 20. Re1 Rc8 21.
Qd2 Bxd4 22. Qxd4 f6 23. Re2 Qa6 24. Qe3 Ng7 25. f4 Ne6 26. f5 Ng5 27. g4 Nf7
28. g5 Nxg5 29. Rg2 Qxa2 30. h4 Qb1+ 31. Kh2 Qxe4 32. Qf2 Nf3+ 33. Kg3 Nxh4 0-1

[Event "Russian Championship B15 2016"]
[Site "Loo"]
[Date "2016.04.25"]
[Round "6.23"]
[White "Baranovskiy, Daniil"]
[Black "Novikov, Kirill"]
[Result "1/2-1/2"]
[WhiteElo "1899"]
[BlackElo "1814"]
[PlyCount "101"]
[EventDate "2016.04.20"]

1. d4 Nf6 2. Nf3 g6 3. Nc3 d5 4. Bf4 Bg7 5. e3 c6 6. Bd3 Bg4 7. h3 Bxf3 8. gxf3
Nbd7 9. O-O Nh5 10. Bh2 e5 11. dxe5 Bxe5 12. Bxe5 Nxe5 13. f4 Nxd3 14. cxd3 f5
15. Na4 O-O 16. Nc5 Qe7 17. d4 Nf6 18. Qb3 Rf7 19. Kh2 Ne4 20. Nxe4 fxe4 21.
Rg1 Rf5 22. Rg3 Raf8 23. Rag1 Kg7 24. a3 Rh5 25. Qa4 a6 26. Qd1 Rhf5 27. R1g2
c5 28. f3 c4 29. fxe4 Qxe4 30. h4 Kh8 31. Qf3 Qxf3 32. Rxf3 b5 33. Kg3 R5f7 34.
Re2 Re7 35. Kf2 a5 36. Ke1 b4 37. axb4 axb4 38. Kd2 Kg7 39. Rf1 Ra8 40. Kc2 Kf6
41. f5 gxf5 42. Ref2 Rxe3 43. Rxf5+ Ke6 44. Rf6+ Kd7 45. Rf7+ Kc6 46. R1f6+ Kb5
47. Rb7+ Ka5 48. Rfb6 b3+ 49. Kd1 Rd3+ 50. Kc1 Re8 51. Rb5+ 1/2-1/2

[Event "Russian Championship B15 2016"]
[Site "Loo"]
[Date "2016.04.25"]
[Round "6.24"]
[White "Khroni, Nikita"]
[Black "Shchukin, Maksim"]
[Result "0-1"]
[WhiteElo "1688"]
[BlackElo "1891"]
[PlyCount "88"]
[EventDate "2016.04.20"]

1. e4 c6 2. d4 d5 3. exd5 cxd5 4. Bd3 Nc6 5. c3 Nf6 6. Ne2 Bg4 7. Bf4 e6 8. Nd2
Bd6 9. Bxd6 Qxd6 10. O-O O-O 11. f3 Bh5 12. Ng3 Bg6 13. Bxg6 hxg6 14. f4 b5 15.
h3 b4 16. Ne2 bxc3 17. bxc3 Rac8 18. Rc1 Na5 19. Rf3 Nc4 20. Ng3 Qa3 21. Nxc4
Rxc4 22. Rc2 Rfc8 23. Qd2 Ne8 24. Qd3 Nd6 25. Kf2 Rb8 26. Kg1 Rc7 27. Qe2 Nc4
28. Rf2 Rcb7 29. h4 Rb2 30. h5 Rxc2 31. Qxc2 Rb2 32. Qd3 Rxf2 33. Kxf2 Qxa2+
34. Kf3 Qd2 35. Qxd2 Nxd2+ 36. Ke2 Nc4 37. hxg6 fxg6 38. Nf1 Kf7 39. g4 a5 40.
g5 a4 41. Nd2 Nxd2 42. Kxd2 Ke7 43. c4 dxc4 44. Kc3 a3 0-1

[Event "Russian Championship B15 2016"]
[Site "Loo"]
[Date "2016.04.25"]
[Round "6.25"]
[White "Balanda, Maksim"]
[Black "Koren, Vladimir"]
[Result "0-1"]
[WhiteElo "1615"]
[BlackElo "1826"]
[PlyCount "43"]
[EventDate "2016.04.20"]

1. d4 d5 2. Nf3 Nf6 3. Bf4 c5 4. dxc5 Nc6 5. e3 e6 6. Be2 Bxc5 7. c3 O-O 8.
Nbd2 Re8 9. O-O e5 10. Bg5 h6 11. Bxf6 Qxf6 12. e4 d4 13. cxd4 Nxd4 14. Nxd4
Bxd4 15. Rb1 Be6 16. b3 Red8 17. Rc1 Qf4 18. Bf3 Bb6 19. Rc2 Ba5 20. g3 Qf6 21.
Bg2 Rac8 22. Rb2 0-1

[Event "Russian Championship B15 2016"]
[Site "Loo"]
[Date "2016.04.25"]
[Round "6.26"]
[White "Romadov, Dmitriy"]
[Black "Medvedev, Vladimir"]
[Result "1-0"]
[WhiteElo "1533"]
[BlackElo "1698"]
[PlyCount "37"]
[EventDate "2016.04.20"]

1. e4 e6 2. d4 d5 3. Nc3 Nf6 4. e5 Nfd7 5. Nf3 c5 6. dxc5 Bxc5 7. Bd3 Nc6 8.
Bf4 Qb6 9. O-O Qxb2 10. Nb5 O-O 11. Bd2 d4 12. Qe2 a6 13. Rfb1 Qxb1+ 14. Rxb1
axb5 15. Bxh7+ Kxh7 16. Ng5+ Kg6 17. Qe4+ Kh5 18. Qh7+ Kg4 19. h3# 1-0

[Event "Russian Championship B15 2016"]
[Site "Loo"]
[Date "2016.04.25"]
[Round "6.27"]
[White "Akochenok, Daniil"]
[Black "Saratovskiy, Dmitiy"]
[Result "0-1"]
[WhiteElo "1934"]
[BlackElo "1938"]
[PlyCount "120"]
[EventDate "2016.04.20"]

1. d4 f5 2. Nf3 Nf6 3. g3 g6 4. Bg2 Bg7 5. O-O O-O 6. c3 d6 7. Qb3+ Kh8 8. Ng5
c6 9. Ne6 Bxe6 10. Qxe6 d5 11. Qe3 Nbd7 12. Nd2 e5 13. Nf3 e4 14. Ne1 Qe7 15.
Qd2 Rfe8 16. Qc2 b6 17. a4 c5 18. b3 Rac8 19. Qd2 Nb8 20. e3 Nc6 21. Ba3 Na5
22. Rb1 Qd7 23. Nc2 c4 24. b4 Nb3 25. Qd1 Qxa4 26. Bb2 Qd7 27. Na1 Nxa1 28.
Bxa1 b5 29. Bb2 a5 30. Ba3 axb4 31. Bxb4 Ra8 32. Ra1 Ra4 33. Rxa4 bxa4 34. Qc2
Bf8 35. Rb1 Bxb4 36. Rxb4 Ra8 37. Qb1 a3 38. Rb8+ Rxb8 39. Qxb8+ Kg7 40. Qa8
Qd6 41. Bh3 h5 42. Bf1 h4 43. Bh3 hxg3 44. hxg3 Nh7 45. Qa7+ Kh6 46. Qa8 Nf8
47. g4 Kg5 48. gxf5 gxf5 49. Qc8 Ng6 50. Qxf5+ Kh6 51. Qc8 Qb6 52. Bf1 a2 53.
Qh3+ Kg7 54. Qd7+ Kf8 55. Qa4 Nh4 56. Qa3+ Kf7 57. Bxc4 Nf3+ 58. Kf1 Qb1+ 59.
Kg2 Qg1+ 60. Kh3 Qh2+ 0-1

[Event "Russian Championship B17 1st league 2016"]
[Site "Loo"]
[Date "2016.04.25"]
[Round "6.1"]
[White "Petrenko, Kirill"]
[Black "Karpenko, Artem"]
[Result "1-0"]
[WhiteElo "2050"]
[BlackElo "2324"]
[PlyCount "95"]
[EventDate "2016.04.20"]

1. Nf3 d5 2. e3 c6 3. c4 e6 4. Nc3 f5 5. d4 Nf6 6. Qc2 a6 7. Bd3 Bd6 8. Bd2 O-O
9. cxd5 cxd5 10. a4 Nc6 11. Ne2 Bd7 12. O-O Ne4 13. Qb3 g5 14. Bxe4 fxe4 15.
Ne5 Nxe5 16. dxe5 Bxe5 17. Qxb7 Rb8 18. Qxa6 Bxb2 19. Bc3 Bxc3 20. Nxc3 Qf6 21.
Nd1 Rb2 22. Rc1 Ra2 23. a5 Qd8 24. Rc5 Ra1 25. h3 Rb1 26. Qe2 Qe7 27. Rc7 Qd6
28. Qc2 Ra1 29. Qc3 Ra2 30. Rc5 Ra8 31. Qb4 Rf8 32. Nc3 Rc2 33. Nxe4 Qe7 34.
Nc3 Qf7 35. Nd1 Ra2 36. Rc7 Qe8 37. Nc3 Rd2 38. Qd6 Bc8 39. Ra7 Qg6 40. Qc7 Rc2
41. Ra8 Qe8 42. Rb8 e5 43. Qc5 Qf7 44. Rxc8 Rxc8 45. Qxc8+ Kg7 46. Qc5 Rd2 47.
Qd6 e4 48. Nxe4 1-0

[Event "Russian Championship B17 1st league 2016"]
[Site "Loo"]
[Date "2016.04.25"]
[Round "6.2"]
[White "Ovsyanyuk, Dmitriy"]
[Black "Ofitserian, Boris"]
[Result "0-1"]
[WhiteElo "1928"]
[BlackElo "2313"]
[PlyCount "68"]
[EventDate "2016.04.20"]

1. e4 c5 2. Nf3 d6 3. d4 cxd4 4. Nxd4 Nf6 5. Nc3 a6 6. Bc4 e6 7. Bb3 b5 8. O-O
Be7 9. f4 O-O 10. f5 e5 11. Nde2 Bb7 12. Ng3 Nbd7 13. Bg5 Rc8 14. Bxf6 Nxf6 15.
Bd5 b4 16. Bxb7 Qb6+ 17. Kh1 Qxb7 18. Nd5 Nxd5 19. exd5 f6 20. Rf2 Rc4 21. Rd2
Rfc8 22. h3 Qc7 23. Rc1 Qa5 24. Ra1 Qc5 25. Rc1 Qe3 26. Kh2 Bd8 27. Qh5 Bb6 28.
Rcd1 Qf4 29. Re2 Bf2 30. Rd3 e4 31. Rf3 Bxg3+ 32. Rxg3 Qe5 33. Qh6 R8c7 34. Rf2
Qxg3+ 0-1

[Event "Russian Championship B17 1st league 2016"]
[Site "Loo"]
[Date "2016.04.25"]
[Round "6.3"]
[White "Postnikov, Artem"]
[Black "Indzhiev, Aldar"]
[Result "1/2-1/2"]
[WhiteElo "2147"]
[BlackElo "2081"]
[PlyCount "92"]
[EventDate "2016.04.20"]

1. d4 d5 2. c4 c6 3. Nf3 Nf6 4. e3 g6 5. Nc3 Bg7 6. Be2 O-O 7. O-O a6 8. a4
Nbd7 9. cxd5 Nxd5 10. Qb3 N7f6 11. a5 Qc7 12. Bc4 Nxc3 13. bxc3 Ne4 14. Bd3 Nd6
15. e4 Be6 16. c4 c5 17. e5 Nc8 18. Bb2 Bg4 19. Be4 Rb8 20. Rfe1 Bxf3 21. Bxf3
cxd4 22. Bxd4 Rd8 23. Qc3 e6 24. Rab1 Rd7 25. Re2 Ne7 26. Bb6 Qc8 27. Be4 Nd5
28. Bxd5 exd5 29. Rc1 Qxc4 30. Qxc4 dxc4 31. f4 Rc8 32. Rec2 Kf8 33. Rxc4 Rxc4
34. Rxc4 Ke7 35. Kf2 Ke6 36. Kf3 f6 37. exf6 Bxf6 38. g4 h5 39. gxh5 gxh5 40.
Ke4 Bd8 41. Bxd8 Rxd8 42. Rb4 Rd7 43. Rb6+ Kf7 44. Ke5 Rc7 45. Kd6 Rc2 46. h4
Rd2+ 1/2-1/2

[Event "Russian Championship B17 1st league 2016"]
[Site "Loo"]
[Date "2016.04.25"]
[Round "6.4"]
[White "Smorchkov, Danil"]
[Black "Makarenko, Aleksandr"]
[Result "1-0"]
[WhiteElo "2017"]
[BlackElo "1987"]
[PlyCount "77"]
[EventDate "2016.04.20"]

1. d4 Nf6 2. c4 g6 3. Nc3 Bg7 4. e4 d6 5. Nf3 O-O 6. Be2 e5 7. dxe5 dxe5 8.
Qxd8 Rxd8 9. Bg5 Re8 10. Nd5 Nxd5 11. cxd5 c6 12. Bc4 cxd5 13. Bxd5 Nc6 14.
Bxc6 bxc6 15. O-O Be6 16. Rfc1 Reb8 17. b3 a5 18. Be7 a4 19. Bd6 Rd8 20. Bxe5
axb3 21. axb3 Rxa1 22. Rxa1 Bxb3 23. Bxg7 Kxg7 24. Kf1 c5 25. Rc1 c4 26. Ke2
Ba4 27. Rc3 Bb5 28. Ke3 Kf6 29. Nd4 Ba6 30. f4 Rb8 31. Ra3 Rb6 32. g4 h6 33.
e5+ Kg7 34. f5 Bb7 35. Ra7 gxf5 36. Nxf5+ Kg6 37. Kd4 f6 38. e6 Bc8 39. Rg7#
1-0

[Event "Russian Championship B17 1st league 2016"]
[Site "Loo"]
[Date "2016.04.25"]
[Round "6.5"]
[White "Goltsev, Dmitry"]
[Black "Karelov, Pavel"]
[Result "1-0"]
[WhiteElo "2169"]
[BlackElo "1961"]
[PlyCount "101"]
[EventDate "2016.04.20"]

1. e4 c5 2. Nf3 Nc6 3. d4 cxd4 4. Nxd4 g6 5. Nc3 Bg7 6. Be3 Nf6 7. Nxc6 bxc6 8.
e5 Nd5 9. Nxd5 cxd5 10. Qxd5 Rb8 11. O-O-O Qc7 12. f4 O-O 13. c3 a5 14. a4 Rd8
15. Bc4 e6 16. Qc5 Qb7 17. Rd2 d5 18. Qa7 Bd7 19. Qxb7 Rxb7 20. Ba6 Rbb8 21.
Ba7 Ra8 22. Bb6 Re8 23. Bd3 Reb8 24. Bc5 Bxa4 25. g4 Bh6 26. Rf2 Bb5 27. Bc2
Bc4 28. h4 a4 29. h5 Bf8 30. Bxf8 Kxf8 31. hxg6 a3 32. g7+ Kxg7 33. Rxh7+ Kg8
34. bxa3 Bb3 35. Rfh2 Bxc2 36. Kxc2 Kf8 37. f5 exf5 38. gxf5 Ke7 39. e6 Rxa3
40. Rxf7+ Kd6 41. Re2 Re8 42. Rb7 Ra2+ 43. Kd3 Rxe2 44. Kxe2 Rf8 45. e7 Re8 46.
f6 Ke6 47. Rb6+ Kf7 48. Rd6 Rh8 49. Rd8 Re8 50. Kd3 d4 51. cxd4 1-0

[Event "Russian Championship B17 1st league 2016"]
[Site "Loo"]
[Date "2016.04.25"]
[Round "6.6"]
[White "Valov, Eugeny"]
[Black "Azimov, Ilyas"]
[Result "0-1"]
[WhiteElo "1970"]
[BlackElo "2154"]
[PlyCount "114"]
[EventDate "2016.04.20"]

1. d4 d5 2. Nf3 c6 3. c4 e6 4. Nc3 Nf6 5. e3 Nbd7 6. Bd3 dxc4 7. Bxc4 b5 8. Bd3
a6 9. O-O Bb7 10. Qe2 c5 11. dxc5 Nxc5 12. Bc2 Be7 13. a3 Nce4 14. Nxe4 Nxe4
15. Nd4 Qb6 16. a4 b4 17. a5 Qc7 18. f3 Nd6 19. Bd2 e5 20. Ba4+ Kf8 21. Rfc1
Qxa5 22. Nc6 Qb6 23. Nxe5 Rd8 24. Nd7+ Rxd7 25. Bxd7 g6 26. Be1 Bf6 27. Bf2 Qd8
28. Bc6 Bc8 29. e4 Be5 30. Bc5 Kg7 31. g3 Ne8 32. Bd5 g5 33. Rd1 Qf6 34. Rab1
Nc7 35. Bc4 Ne6 36. Bxe6 Bxe6 37. Bd6 Rd8 38. Bxe5 Rxd1+ 39. Rxd1 Qxe5 40. Qe3
Qa5 41. e5 h6 42. f4 Bg4 43. Re1 Kg6 44. Qd3+ Bf5 45. Qd6+ Kh5 46. Kg2 b3 47.
h3 Qxe1 48. g4+ Bxg4 49. hxg4+ Kxg4 50. Qd7+ Kh5 51. Qxf7+ Kh4 52. fxg5 Qe2+
53. Kg1 Qe3+ 54. Kh1 hxg5 55. Qh7+ Kg4 56. Qd7+ Kg3 57. Qd1 Qe4+ 0-1

[Event "Russian Championship B17 1st league 2016"]
[Site "Loo"]
[Date "2016.04.25"]
[Round "6.7"]
[White "Maximov, Kirill"]
[Black "Gitelson, Arkady"]
[Result "0-1"]
[WhiteElo "1844"]
[BlackElo "2123"]
[PlyCount "118"]
[EventDate "2016.04.20"]

1. e4 e6 2. d4 d5 3. Nd2 Nc6 4. Ngf3 Nh6 5. c3 f5 6. exd5 exd5 7. Bb5 Nf7 8.
O-O Be7 9. Ne5 Nfxe5 10. dxe5 O-O 11. Nf3 a6 12. Bxc6 bxc6 13. Nd4 Qe8 14. f4
c5 15. Nb3 Be6 16. Be3 Qb5 17. Qd2 Rfd8 18. Qf2 d4 19. cxd4 Bxb3 20. axb3 cxd4
21. Bd2 Qxb3 22. Ba5 Bc5 23. Rfc1 Bb6 24. Ra3 Qb5 25. Bxb6 Qxb6 26. Rd3 c5 27.
Qc2 Qe6 28. b3 Rdc8 29. g3 Rab8 30. Qa2 Rb5 31. Rc4 Rcb8 32. h4 Qxc4 33. bxc4
Rb1+ 34. Kf2 R8b2+ 35. Rd2 Rxa2 36. Rxa2 Rb4 37. Rxa6 Rxc4 38. Ra8+ Kf7 39.
Ra7+ Kg6 40. h5+ Kxh5 41. Rxg7 Rc2+ 42. Kf3 d3 43. Rxh7+ Kg6 44. Rd7 c4 45. Ke3
Rc1 46. Kd2 Rc2+ 47. Ke3 Kh5 48. Rh7+ Kg4 49. Rg7+ Kh3 50. Kf3 Kh2 51. e6 Re2
52. Rc7 Re4 53. Kf2 Re2+ 54. Kf3 Rxe6 55. Rxc4 Rg6 56. Ke3 Rxg3+ 57. Kd2 Kh3
58. Rb4 Kg4 59. Rd4 Rf3 0-1

[Event "Russian Championship B17 1st league 2016"]
[Site "Loo"]
[Date "2016.04.25"]
[Round "6.8"]
[White "Shcherbashin, Victor"]
[Black "Dmitriev, Maksim"]
[Result "0-1"]
[WhiteElo "2057"]
[BlackElo "1919"]
[PlyCount "130"]
[EventDate "2016.04.20"]

1. e4 e6 2. d4 d5 3. exd5 exd5 4. c4 Nf6 5. Nc3 Be7 6. Nf3 O-O 7. Be3 Nbd7 8.
c5 c6 9. Bd3 b6 10. b4 bxc5 11. bxc5 Qa5 12. Bd2 Qc7 13. O-O Re8 14. Re1 Nf8
15. Ne5 Bxc5 16. Qa4 Bb7 17. dxc5 Rxe5 18. Bf4 Rxe1+ 19. Rxe1 Qd7 20. Bd6 Ne6
21. Qh4 Re8 22. f3 Nf8 23. Rd1 Qe6 24. Ne2 Qe3+ 25. Qf2 Qxf2+ 26. Kxf2 Ne6 27.
Rb1 Bc8 28. Nc3 Nd7 29. Na4 g6 30. h4 Kg7 31. Rb4 Nd8 32. Bb8 Nxb8 33. Rxb8 Bb7
34. Nb6 axb6 35. cxb6 Kf8 36. Bf1 c5 37. Bb5 Bc6 38. Rxd8 Bxb5 39. Rxd5 Rb8 40.
Rxc5 Rxb6 41. h5 Kg7 42. Kg3 Bd7 43. hxg6 hxg6 44. Ra5 Rb2 45. Ra7 Bc6 46. a4
Ra2 47. a5 Bb5 48. Kf4 Rxg2 49. Rb7 Bc4 50. Rc7 Be6 51. a6 Ra2 52. a7 Kf6 53.
Ke4 Ra4+ 54. Ke3 g5 55. Kf2 Ra3 56. f4 g4 57. Rc3 Rxa7 58. Ke3 Rb7 59. Rc5 Rb3+
60. Ke4 Rb4+ 61. Ke3 g3 62. Rg5 Bf5 63. Kf3 Rb3+ 64. Kg2 Be4+ 65. Kh3 g2+ 0-1